<?xml version="1.0" encoding="UTF-8"?>
<record
    xmlns:xsi="http://www.w3.org/2001/XMLSchema-instance"
    xsi:schemaLocation="http://www.loc.gov/MARC21/slim http://www.loc.gov/standards/marcxml/schema/MARC21slim.xsd"
    xmlns="http://www.loc.gov/MARC21/slim">

  <leader>00620nam a22002177a 4500</leader>
  <controlfield tag="003">OSt</controlfield>
  <controlfield tag="005">20150408114216.0</controlfield>
  <controlfield tag="008">140511s2012    maua   f      001 0 eng d</controlfield>
  <datafield tag="020" ind1=" " ind2=" ">
    <subfield code="a">9780077139551</subfield>
  </datafield>
  <datafield tag="020" ind1=" " ind2=" ">
    <subfield code="a">0077139550</subfield>
  </datafield>
  <datafield tag="040" ind1=" " ind2=" ">
    <subfield code="a">Ma-Un</subfield>
  </datafield>
  <datafield tag="082" ind1="0" ind2="4">
    <subfield code="2">21</subfield>
    <subfield code="a">658.15</subfield>
    <subfield code="b">FUC</subfield>
  </datafield>
  <datafield tag="245" ind1="1" ind2="0">
    <subfield code="a">Fundamentals of corporate finance /</subfield>
    <subfield code="c">Stephen A. Ross ... [et al.].</subfield>
  </datafield>
  <datafield tag="250" ind1=" " ind2=" ">
    <subfield code="a">1th Middle East edition.</subfield>
  </datafield>
  <datafield tag="260" ind1=" " ind2=" ">
    <subfield code="a">Boston :</subfield>
    <subfield code="b">McGraw-Hill,</subfield>
    <subfield code="c">2012</subfield>
    <subfield code="c">[1433].</subfield>
  </datafield>
  <datafield tag="300" ind1=" " ind2=" ">
    <subfield code="a">766 p. :</subfield>
    <subfield code="b">ill. ;</subfield>
    <subfield code="c">26 cm.</subfield>
  </datafield>
  <datafield tag="500" ind1=" " ind2=" ">
    <subfield code="a">Includes index.</subfield>
  </datafield>
  <datafield tag="650" ind1=" " ind2=" ">
    <subfield code="a">Corporations</subfield>
    <subfield code="x">Finance</subfield>
  </datafield>
  <datafield tag="700" ind1="1" ind2=" ">
    <subfield code="a">Ross, Stephen A.</subfield>
    <subfield code="9">18163</subfield>
  </datafield>
  <datafield tag="942" ind1=" " ind2=" ">
    <subfield code="2">ddc</subfield>
    <subfield code="c">BOOK</subfield>
  </datafield>
  <datafield tag="999" ind1=" " ind2=" ">
    <subfield code="c">34876</subfield>
    <subfield code="d">269376</subfield>
  </datafield>
  <datafield tag="952" ind1=" " ind2=" ">
    <subfield code="1">0</subfield>
    <subfield code="4">0</subfield>
    <subfield code="7">1</subfield>
    <subfield code="a">658.15 FUC</subfield>
    <subfield code="c">1</subfield>
    <subfield code="d">2014-05-11</subfield>
    <subfield code="e">&#x62F;&#x627;&#x631; &#x627;&#x644;&#x639;&#x631;&#x628;</subfield>
    <subfield code="h">SRM</subfield>
    <subfield code="i">00210402</subfield>
    <subfield code="m">SRM</subfield>
    <subfield code="r">2014-05-11 00:00:00</subfield>
    <subfield code="t">BOOK</subfield>
    <subfield code="w">ddc</subfield>
    <subfield code="y">0</subfield>
  </datafield>
  <datafield tag="952" ind1=" " ind2=" ">
    <subfield code="1">0</subfield>
    <subfield code="2">2014-05-11</subfield>
    <subfield code="4">0</subfield>
    <subfield code="7">0</subfield>
    <subfield code="a">658.15 FUC</subfield>
    <subfield code="c">2</subfield>
    <subfield code="d">2014-05-11</subfield>
    <subfield code="e">&#x62F;&#x627;&#x631; &#x627;&#x644;&#x639;&#x631;&#x628;</subfield>
    <subfield code="h">SRM</subfield>
    <subfield code="i">00210403</subfield>
    <subfield code="m">SRM</subfield>
    <subfield code="o">1</subfield>
    <subfield code="q">2019-12-08</subfield>
    <subfield code="r">2025-01-26 00:00:00</subfield>
    <subfield code="t">BOOK</subfield>
    <subfield code="w">ddc</subfield>
    <subfield code="y">1</subfield>
  </datafield>
  <datafield tag="952" ind1=" " ind2=" ">
    <subfield code="1">0</subfield>
    <subfield code="2">2014-05-11</subfield>
    <subfield code="4">0</subfield>
    <subfield code="7">1</subfield>
    <subfield code="a">658.15 FUC</subfield>
    <subfield code="c">1</subfield>
    <subfield code="d">2014-05-11</subfield>
    <subfield code="e">&#x62F;&#x627;&#x631; &#x627;&#x644;&#x639;&#x631;&#x628;</subfield>
    <subfield code="h">SRF</subfield>
    <subfield code="i">00210404</subfield>
    <subfield code="m">SRF</subfield>
    <subfield code="r">2014-05-11 00:00:00</subfield>
    <subfield code="t">BOOK</subfield>
    <subfield code="w">ddc</subfield>
    <subfield code="y">0</subfield>
  </datafield>
  <datafield tag="952" ind1=" " ind2=" ">
    <subfield code="1">0</subfield>
    <subfield code="2">2014-05-11</subfield>
    <subfield code="4">0</subfield>
    <subfield code="7">0</subfield>
    <subfield code="a">658.15 FUC</subfield>
    <subfield code="c">2</subfield>
    <subfield code="d">2014-05-11</subfield>
    <subfield code="e">&#x62F;&#x627;&#x631; &#x627;&#x644;&#x639;&#x631;&#x628;</subfield>
    <subfield code="h">SRF</subfield>
    <subfield code="i">00210405</subfield>
    <subfield code="m">SRF</subfield>
    <subfield code="r">2014-05-11 00:00:00</subfield>
    <subfield code="t">BOOK</subfield>
    <subfield code="w">ddc</subfield>
    <subfield code="y">0</subfield>
  </datafield>
</record>
